Normal view
MARC view
Entry Personal Name
001 - CONTROL NUMBER
- control field: 51019
003 - CONTROL NUMBER IDENTIFIER
- control field: ARRUPE
005 - DATE AND TIME OF LATEST TRANSACTION
- control field: 20211129143311.0
008 - FIXED-LENGTH DATA ELEMENTS
- fixed length control field: 211129|| aca||aabn | a|a d
040 ## - CATALOGING SOURCE
- Original cataloging agency: ARRUPE
- Transcribing agency: ARRUPE
100 ## - HEADING--PERSONAL NAME
- Personal name: Narby, Jeremy
670 ## - SOURCE DATA FOUND
- Source citation: Work cat.: (ARRUPE): Narby, Jeremy, Intelligence in nature , c2005.